| 000 | 00721nam a2200229 a 4500 | ||
|---|---|---|---|
| 999 |
_c1296 _d1296 |
||
| 001 | 1296 | ||
| 003 | BD-JhCC | ||
| 005 | 20171021120315.0 | ||
| 008 | 171017s2005 bg a|||| ||a| 000 0 ben d | ||
| 020 | _a9844104610 | ||
| 035 | _a(BD-JhCC)1296 | ||
| 040 |
_aBD-JhCC _dBD-JhCC |
||
| 041 | _aben | ||
| 082 |
_a891.4409 _bANI 2005 |
||
| 245 |
_aআনিসুজ্জামান সংবধনা-স্মারক / _cভূঁইয়া ইকবাল (সম্পা.) |
||
| 260 |
_aঢাকা : _bমাওলা ব্রাদার্স, _c2005 |
||
| 300 |
_a187 p.; _c24 cm. |
||
| 651 | _aBengali Literature | ||
| 700 | _aইকবাল, ভূঁইয়া | ||
| 942 |
_2ddc _cBK |
||